header

Classics in post-colonial worlds (Record no. 117527)

MARC details
000 -LEADER
fixed length control field 02018nam a2200469 a 4500
082 04 - DEWEY DECIMAL CLASSIFICATION NUMBER
Classification number 820.9/9171241
245 00 - TITLE STATEMENT
Title Classics in post-colonial worlds
260 ## - PUBLICATION, DISTRIBUTION, ETC. (IMPRINT)
Place of publication Oxford [England] ;
-- New York :
Name of publisher Oxford University Press,
Year of publication 2007.
300 ## - PHYSICAL DESCRIPTION
Number of Pages xv, 422 p.
490 1# - SERIES STATEMENT
Series statement Classical presences
500 ## - GENERAL NOTE
General note Papers from a conference, Classics in Post-Colonial Worlds, held at the Open University in Harborne, Birmingham, in May 2004.
650 #0 - SUBJECT ADDED ENTRY--TOPICAL TERM
Topical Term Commonwealth literature (English)
Topical Term Commonwealth literature (English)
Topical Term African drama (English)
Topical Term Caribbean literature (English)
Topical Term Caribbean literature (English)
Topical Term Postcolonialism
Topical Term Classicism in literature.
Topical Term Comparative literature
Topical Term Influence (Literary, artistic, etc.)
700 1# - ADDED ENTRY--PERSONAL NAME
Personal name Hardwick, Lorna.
Personal name Gillespie, Carol.
856 40 - ELECTRONIC LOCATION AND ACCESS
Uniform Resource Identifier http://site.ebrary.com/lib/rucke/Doc?id=10197098

No items available.

© 2026 Rongo University
Contact us: librarian | system librarian | Rongo university